000 00863nam a2200217Ia 4500
003 GCL
008 140319s9999 xx 000 0 ara d
040 _aGCL /
_cGCL
082 0 4 _a902.240
_bح ب
100 1 _aابن الحنفية، الحسن بن محمد
245 1 0 _aبدايات علم الكلام فى الاسلام رسالتان فى الرد على القدرية من القرن الاول للهجرة . /
_cابن الحنفية، الحسن بن محمد
700 1 _aعمر بن عبدالعزيز
700 1 _aفان اس يوسف ( محقق).
260 _a[S.N] :
_bالمعهد الالمانى للابحاث الشرقية ،
_c1977
300 _a287 ص
490 _aنصوص ودراسات
_v0
650 0 4 _aالفلسفة الاسلامية
650 0 4 _aالقدرية
650 0 4 _aعلم الكلام
942 _2ddc
_cBK
999 _c35709
_d35709